Unknown (Till the end) English Lyrics (Alnst Alien Stage) - Statistics

General Stats
  • This quiz has been taken 12 times
  • The average score is 69 of 136
Answer Stats
Lyrics % Correct
No
100%
Don't
83%
Enough
83%
Not
83%
Baby
67%
Cause
67%
Everything
67%
I
67%
It
67%
Leave
67%
Me
67%
My
67%
Nothing
67%
Still
67%
That
67%
The
67%
Think
67%
This
67%
Was
67%
You
67%
About
50%
All
50%
Alright
50%
Be
50%
Better
50%
Come
50%
Da
50%
Empty
50%
Error
50%
Even
50%
Filled
50%
Is
50%
It's
50%
It"s
50%
Know
50%
Li
50%
Like
50%
Melody
50%
More
50%
On
50%
Options
50%
Overdose
50%
Paradigm
50%
Shaking
50%
Slow
50%
Takin'
50%
Wanna
50%
Afraid
33%
Ain't
33%
Can't
33%
Dare
33%
Feel
33%
Feeling
33%
Feelings
33%
For
33%
How
33%
I'm
33%
Of
33%
Oh
33%
Stop
33%
Times
33%
Time's
33%
Because
17%
Blossomed
17%
But
17%
Crazy
17%
Edelweiss
17%
Love
17%
Never
17%
Nobody
17%
Now
17%
One
17%
Refuse
17%
Yeah
17%
You'll
17%
You're
17%
Care
0%
Down
0%
If
0%
Turns
0%
Upside
0%
World
0%
No matching quizzes found
Score Distribution
Percent of People with Each Score
Percentile by Number Answered
Your Score History
You have not taken this quiz